000 00740cab a2200229 4500
001 ABS46261
008 090401t1992 xxu||||| |||| 00| 0 eng d
035 _a(Sirsi) u57432
041 _aeng
245 _aWaterside developments
260 _c1992
350 _a0
490 _aEstates Times
_v(1137) 3 April 1992, 11-16(5)
520 _aA survey of waterside development schemes, including Greenwich, a profile of British Waterways, hotels in waterside settings, and development in St Helier, Jersey.
650 _aDEPTFORD
650 _aMARINAS
650 _aNATIONAL RIVERS AUTHORITY
650 _aPROPERTY-RURAL AND NATURAL ASSETS-WATER RESOURCES
690 _aLEISURE AND RECREATION
942 _n0
948 _c04/03/1997
999 _c35022
_d35022